The bomb and the computer / (Record no. 3790)

000 -LEADER
fixed length control field 00820nam a2200277 4500
003 - CONTROL NUMBER IDENTIFIER
control field UkOxU
005 - DATE AND TIME OF LATEST TRANSACTION
control field 20220210095930.0
008 - FIXED-LENGTH DATA ELEMENTS--GENERAL INFORMATION
fixed length control field 860101s1968 enka b 000 0 eng d
020 ## - INTERNATIONAL STANDARD BOOK NUMBER
International Standard Book Number 0214667278
040 ## - CATALOGING SOURCE
Transcribing agency ALUPE UNIVERSITY
049 ## - LOCAL HOLDINGS (OCLC)
Holding library CU
Local processing data l
Missing elements +
050 #0 - LIBRARY OF CONGRESS CALL NUMBER
Classification number U310
Item number W5 1968
092 ## - LOCALLY ASSIGNED DEWEY CALL NUMBER (OCLC)
Classification number D0503686886
100 1# - MAIN ENTRY--PERSONAL NAME
Personal name Wilson, Andrew,
Dates associated with a name 1923-
245 14 - TITLE STATEMENT
Title The bomb and the computer /
Statement of responsibility, etc. Andrew Wilson
260 ## - PUBLICATION, DISTRIBUTION, ETC.
Place of publication, distribution, etc. London :
Name of publisher, distributor, etc. Barrie and Rockliff,
Date of publication, distribution, etc. 1968
300 ## - PHYSICAL DESCRIPTION
Extent xii, 180 p :
Other physical details illus ;
Dimensions 23 cm
504 ## - BIBLIOGRAPHY, ETC. NOTE
Bibliography, etc. note Bibliography: p. 175-176
650 #0 - SUBJECT ADDED ENTRY--TOPICAL TERM
Topical term or geographic name entry element War games
650 #0 - SUBJECT ADDED ENTRY--TOPICAL TERM
Topical term or geographic name entry element Military art and science
General subdivision Data processing
942 ## - ADDED ENTRY ELEMENTS (KOHA)
Source of classification or shelving scheme
Koha item type Book
Suppress in OPAC MM
Holdings
Withdrawn status Lost status Source of classification or shelving scheme Damaged status Not for loan Permanent Location Current Location Shelving location Date acquired Source of acquisition Total Checkouts Full call number Barcode Date last seen Price effective from Koha item type Public note
          AU LIBRARY AU LIBRARY Open Shelf 10.02.2022 DONATION FROM MOI UNIVERSITY   U310 .W5 1968 28005297 10.02.2022 10.02.2022 Book MM

Powered by Koha